000 00325nam a22001337a 4500
008 170602b xxu||||| |||| 00| 0 eng d
020 _a9780073397221
041 _aeng
080 _24 ED
_a94(7/8)
100 _a17
101 _aSHH
245 _aTAKING SIDES AMERICAN FOREIGN IN POLICY
_cBENNETT.A
942 _2udc
_cBK
999 _c15619
_d15619